000 00504nab a2200157Ia 4500
003 ES-SlBCS
005 20210601143443.0
008 140529s1982 xxu||||| |||| 00| 0 spa d
041 _aspa
100 1 _aCastro, J.-J.
_9287267
245 0 0 _aHistoria y bioquímica del vino de cava
_c J.-J. Castro, L. Ràfols
650 0 4 _aCava
_9275269
700 1 _aRàfols, L.
_9287268
773 0 _tMundo Cientifico (Traducción de: la Recherche Scientifique)
_gnº. 20, 1982, págs. 1242-1252
_wRev1669
942 _cAR
999 _c692468
_d692468